Problemática filosófica Agustiniana (Registro nro. 6280)

Detalles MARC
000 -LEADER
fixed length control field 01069 a2200205 4500
001 - CONTROL NUMBER
control field 57768
005 - DATE AND TIME OF LATEST TRANSACTION
control field 20260407155837.0
008 - FIXED-LENGTH DATA ELEMENTS--GENERAL INFORMATION
fixed length control field 260407a1984 arg spa d
003 - CONTROL NUMBER IDENTIFIER
control field AR-UNSa-BCEJYS
040 ## - CATALOGING SOURCE
Original cataloging agency AR-UNSa-BCEJYS
Language of cataloging spa
Transcribing agency AR-UNSa-BCEJYS
080 ## - UNIVERSAL DECIMAL CLASSIFICATION NUMBER
Universal Decimal Classification number 271.4
Common auxiliary subdivision Agustinos
041 ## - LANGUAGE CODE
Language code of text/sound track or separate title spa
100 1# - MAIN ENTRY--PERSONAL NAME
Personal name Letizia, Francisco
245 10 - TITLE STATEMENT
Title Problemática filosófica Agustiniana
264 #1 - PRODUCTION, PUBLICATION, DISTRIBUTION, MANUFACTURE, AND COPYRIGHT NOTICE
Place of production, publication, distribution, manufacture Mendoza :
Name of producer, publisher, distributor, manufacturer Universidad Nacional de Cuyo. Facultad de Ciencias Económicas
Date of production, publication, distribution, manufacture, or copyright notice 1984
300 ## - PHYSICAL DESCRIPTION
Extent 214 p.
Dimensions 22 cm.
505 ## - FORMATTED CONTENTS NOTE
Formatted contents note 1. la personalidad de San Agustín – 2. San Agustín, el filósofo de la interioridad – 3. El hombre como “imago et similitudo dei” – 4. El problema del origen del alma – 5. La unión de cuerpo y alma – 6. El descubrimiento de Dios – 7. La búsqueda de la verdad – 8. El problema de la libertad y de la gracia – 9. El problema del mal – 10. La virtud – 11. La educación como autoformación – 12. El humanismo político – 13. La perennidad de San Agustín
590 ## - LOCAL NOTE (RLIN)
Local note niveau_biblio:m niveau_hierar:0
942 ## - ADDED ENTRY ELEMENTS (KOHA)
Koha item type
Existencias
Withdrawn status Lost status Damaged status Not for loan Home library Current library Shelving location Date acquired Total checkouts Full call number Barcode Date last seen Price effective from Koha item type
        Biblioteca Prof. Eusebio Cleto del Rey Biblioteca Prof. Eusebio Cleto del Rey   07/04/2026   271.4 L648 L128862 07/04/2026 07/04/2026 Libro